| 000 | 00549nam a2200217Ia 4500 | ||
|---|---|---|---|
| 008 | 210210b2008 xxu||||| |||| 00| 0 eng d | ||
| 041 | _aeng | ||
| 082 | _a032.02 SACC | ||
| 100 | _aSACHDEVA (S K) Ed | ||
| 245 | _aCompetition success review current general knowledge | ||
| 260 |
_aNew Delhi _bCompetition Review Pvt. Ltd. _c2008 |
||
| 300 | _a160 | ||
| 650 | _asuccess | ||
| 650 | _areview | ||
| 650 | _aknowledge | ||
| 650 | _ageneral | ||
| 650 | _acurrent | ||
| 650 | _aCompetition | ||
| 690 | _aGeneral Knowledge | ||
| 906 | _aSG05061 | ||
| 999 |
_c133382 _d133382 |
||